Normal view
MARC view
Entry Personal Name
001 - CONTROL NUMBER
- control field: 80778
003 - CONTROL NUMBER IDENTIFIER
- control field: dpl
005 - DATE AND TIME OF LATEST TRANSACTION
- control field: 20250422144404.0
008 - FIXED-LENGTH DATA ELEMENTS
- fixed length control field: 250422|| aca||aabn | a|a d
040 ## - CATALOGING SOURCE
- Original cataloging agency: dpl
- Transcribing agency: dpl
100 ## - HEADING--PERSONAL NAME
- Personal name: Rao, C N Shankar
670 ## - SOURCE DATA FOUND
- Source citation: Work cat.: (dpl)209180: Rao, C N Shankar , Sociology: , 2023(rep)
